| 000 | 00851cab a2200253 4500 | ||
|---|---|---|---|
| 001 | ABS53479 | ||
| 008 | 090401t1995 xxu||||| |||| 00| 0 eng d | ||
| 035 | _a(Sirsi) u4566 | ||
| 041 | _aeng | ||
| 100 | _aStubbs, M. | ||
| 245 | _aPlanning gain vs planning obligations | ||
| 260 | _c1995 | ||
| 350 | _a0 | ||
| 490 |
_aHousing and Planning Review _v(8014) August/September 1995, 21-22(2) |
||
| 520 | _aDefines the terms `planning obligation` and `planning gain`, highlighting the uncertainty and confusion that still exists despite government reforms. | ||
| 650 | _aLOCAL PLANNING AUTHORITIES | ||
| 650 | _aPLANNING AND COMPENSATION ACT 1991 | ||
| 650 | _aPLANNING GAIN | ||
| 650 | _aPLANNING OBLIGATIONS | ||
| 650 | _aTOWN AND COUNTRY PLANNING ACT 1990 S106 | ||
| 690 | _aPLANNING LAW AND PRACTICE | ||
| 942 | _n0 | ||
| 948 | _c04/03/1997 | ||
| 999 |
_c2759 _d2759 |
||